[Event "Daventry 4NCL Easter op-A 2nd"]
[Site "Daventry"]
[Date "2022.04.17"]
[Round "4"]
[White "Dignam, Matthew"]
[Black "Han, Yichen"]
[Result "0-1"]
[WhiteElo "2134"]
[BlackElo "2303"]
[PlyCount "81"]
[EventDate "2022.04.15"]
[EventType "swiss"]
[EventRounds "7"]
[EventCountry "ENG"]
[SourceTitle "CBM 207 Extra"]
[Source "ChessBase"]
[SourceDate "2022.05.31"]
[SourceVersion "1"]
[SourceVersionDate "2022.05.31"]
[SourceQuality "1"]

1. d4 d5 2. c4 c6 3. cxd5 cxd5 4. Nc3 Nf6 5. Bf4 Nc6 6. e3 Bg4 7. f3 Bd7 8. Bd3 e6 9. g4 Qb6 10. Nge2 h6 11. 0-0 Nb4 12. Bb1 Bd6 13. a3 Bxf4 14. exf4 Nc6 15. Na4 Qc7 16. Nc5 Na5 17. Nxd7 Nxd7 18. Qd3 Qc4 19. Bc2 Qxd3 20. Bxd3 0-0 21. Rac1 Rfc8 22. f5 Nb3 23. Rxc8+ Rxc8 24. fxe6 fxe6 25. Kf2 g5 26. h4 Rf8 27. Ke3 e5 28. Bf5 exd4+ 29. Nxd4 Re8+ 30. Be6+ Kf8 31. Nxb3 Rxe6+ 32. Kd4 Re2 33. hxg5 hxg5 34. Kc3 Nb6 35. f4 Na4+ 36. Kd4 Rxb2 37. fxg5+ Kg8 38. Rf3 Rg2 39. Kxd5 Rxg4 40. Rf5 Rg3 41. Nc5 0-1

[Event "Daventry 4NCL Easter op-A 2nd"]
[Site "Daventry"]
[Date "2022.04.16"]
[Round "2"]
[White "Dignam, Matthew"]
[Black "White, Stuart A"]
[Result "1/2-1/2"]
[WhiteElo "2134"]
[BlackElo "2038"]
[PlyCount "48"]
[EventDate "2022.04.15"]
[EventType "swiss"]
[EventRounds "7"]
[EventCountry "ENG"]
[SourceTitle "CBM 207 Extra"]
[Source "ChessBase"]
[SourceDate "2022.05.31"]
[SourceVersion "1"]
[SourceVersionDate "2022.05.31"]
[SourceQuality "1"]

1. d4 d5 2. Nc3 Nf6 3. Bg5 Bf5 4. Bxf6 exf6 5. e4 dxe4 6. Qe2 Be7 7. Qb5+ Bd7 8. Qxb7 Nc6 9. 0-0-0 Rb8 10. Qa6 f5 11. g4 Rb6 12. Qe2 Qb8 13. b3 Nb4 14. gxf5 Bxf5 15. Na4 Rd6 16. a3 Nd5 17. Qb5+ Qxb5 18. Bxb5+ c6 19. Bc4 Nb6 20. Nxb6 axb6 21. b4 b5 22. Bb3 e3 23. f3 0-0 24. Ne2 Rh6 1/2-1/2

[Event "London Mill Hill op U2400"]
[Site "London"]
[Date "2022.03.27"]
[Round "5"]
[White "Pranava, Ravikumar"]
[Black "Dignam, Matthew"]
[Result "0-1"]
[WhiteElo "1601"]
[BlackElo "2119"]
[PlyCount "122"]
[EventDate "2022.03.26"]
[EventType "swiss"]
[EventRounds "5"]
[EventCountry "ENG"]
[SourceTitle "EXT 2024"]
[Source "ChessBase"]
[SourceDate "2023.10.10"]
[SourceVersion "1"]
[SourceVersionDate "2023.10.10"]
[SourceQuality "1"]

1. d4 Nf6 2. Bg5 e6 3. Nf3 h6 4. Bxf6 Qxf6 5. e4 d6 6. Nc3 g5 7. h3 Bg7 8. Bd3 a6 9. Qd2 Nd7 10. Ne2 Rg8 11. Ng3 Bh8 12. 0-0-0 c5 13. c3 b5 14. dxc5 dxc5 15. Kb1 b4 16. cxb4 cxb4 17. Bc4 Nb6 18. Bb3 Bb7 19. e5 Qe7 20. Qd4 Bxf3 21. gxf3 Qc7 22. Qxb4 Bxe5 23. Rc1 Qb8 24. Ne4 Nd5 25. Qc5 Qb6 26. Qxb6 Nxb6 27. Rc6 Rb8 28. Rhc1 Ke7 29. R1c5 Bf4 30. Ra5 Rgc8 31. Rc2 Rxc2 32. Kxc2 Rc8+ 33. Nc3 Ra8 34. Ne4 Nd7 35. Bc4 Ne5 36. Be2 Nc6 37. Ra4 Rc8 38. Nc3 a5 39. a3 Rd8 40. Bb5 Rd2+ 41. Kb1 Nd4 42. Rxa5 Rxf2 43. Ra7+ Kf8 44. Bc4 Nxf3 45. Ka2 Be5 46. Kb3 Nd4+ 47. Ka2 Nf3 48. Na4 h5 49. Kb3 Nd4+ 50. Ka2 g4 51. hxg4 hxg4 52. Nc5 g3 53. Ne4 g2 54. Nxf2 g1Q 55. Nd3 Ne2 56. Ra8+ Kg7 57. Ra5 Nc1+ 58. Nxc1 Qxc1 59. Rxe5 Qxc4+ 60. Ka1 f5 61. Re1 f4 0-1

[Event "London Mill Hill op U2400"]
[Site "London"]
[Date "2022.03.26"]
[Round "1"]
[White "Dasgupta, Avyukt"]
[Black "Dignam, Matthew"]
[Result "0-1"]
[WhiteElo "1746"]
[BlackElo "2119"]
[PlyCount "50"]
[EventDate "2022.03.26"]
[EventType "swiss"]
[EventRounds "5"]
[EventCountry "ENG"]
[SourceTitle "EXT 2024"]
[Source "ChessBase"]
[SourceDate "2023.10.10"]
[SourceVersion "1"]
[SourceVersionDate "2023.10.10"]
[SourceQuality "1"]

1. Nf3 Nf6 2. g3 Nc6 3. d4 d5 4. Bg2 g6 5. 0-0 Bg7 6. c3 0-0 7. Nbd2 b5 8. e4 dxe4 9. Ng5 e5 10. dxe5 Bg4 11. Qb3 Nxe5 12. Ndxe4 Nxe4 13. Bxe4 h6 14. f3 Bd7 15. Bxa8 Qxa8 16. Ne4 Bh3 17. Qxb5 Nxf3+ 18. Rxf3 Qxe4 19. Qd3 Qe1+ 20. Rf1 Bxf1 21. Qxf1 Qe4 22. Bf4 Re8 23. Rd1 Bf8 24. b4 Qc2 25. Qd3 Re1+ 0-1

[Event "London Mill Hill op U2400"]
[Site "London"]
[Date "2022.03.26"]
[Round "2"]
[White "Dignam, Matthew"]
[Black "Sheikh, Nasarullah"]
[Result "1-0"]
[WhiteElo "2119"]
[BlackElo "1754"]
[PlyCount "57"]
[EventDate "2022.03.26"]
[EventType "swiss"]
[EventRounds "5"]
[EventCountry "ENG"]
[SourceTitle "EXT 2024"]
[Source "ChessBase"]
[SourceDate "2023.10.10"]
[SourceVersion "1"]
[SourceVersionDate "2023.10.10"]
[SourceQuality "1"]

1. d4 Nf6 2. Nc3 d5 3. Bg5 c5 4. e3 Ne4 5. Nxe4 dxe4 6. c3 Nc6 7. d5 Ne5 8. Qa4+ Bd7 9. Qxe4 Ng6 10. Nf3 Qb6 11. Bc4 h6 12. Bf4 Nxf4 13. Qxf4 g5 14. Qe5 f6 15. Qe4 0-0-0 16. 0-0 Qd6 17. b4 cxb4 18. Rab1 e5 19. dxe6 Bc6 20. Qf5 Be7 21. Nd4 Qc7 22. cxb4 Kb8 23. Rfc1 Qb6 24. b5 Be8 25. Nc6+ Bxc6 26. bxc6 Qxc6 27. Be2 Qd6 28. Bf3 b6 29. Qe4 1-0

[Event "London Golders Green op 3rd"]
[Site "London"]
[Date "2014.05.05"]
[Round "5"]
[White "Hernandez Castro, Julio Cesar"]
[Black "Dignam, Matthew"]
[Result "0-1"]
[WhiteElo "1821"]
[BlackElo "2139"]
[PlyCount "44"]
[EventDate "2014.05.03"]
[EventType "swiss"]
[EventRounds "6"]
[EventCountry "ENG"]
[SourceTitle "EXT 2018"]
[Source "ChessBase"]
[SourceDate "2017.10.13"]
[SourceVersion "1"]
[SourceVersionDate "2017.10.13"]
[SourceQuality "1"]

1. d4 Nf6 2. Nf3 e6 3. Bf4 b6 4. e3 Bb7 5. Nbd2 Be7 6. Bd3 Nh5 7. Bg3 d6 8. Qe2 c5 9. c3 Nc6 10. 0-0-0 h6 11. Nh4 Nxg3 12. hxg3 d5 13. f4 c4 14. Bc2 b5 15. Nhf3 Qa5 16. Ne5 b4 17. Nexc4 dxc4 18. Qxc4 bxc3 19. Qxc3 Nb4 20. Bb3 Rc8 21. Bc4 Nxa2+ 22. Bxa2 Qxa2 0-1

[Event "BCF-ch Major op"]
[Site "Torquay"]
[Date "2013.08.05"]
[Round "7.86"]
[White "Dignam, Matthew"]
[Black "Garnett, John S"]
[Result "1-0"]
[WhiteElo "2110"]
[BlackElo "2023"]
[PlyCount "71"]
[EventDate "2013.07.29"]
[EventType "swiss"]
[EventRounds "11"]
[EventCountry "ENG"]
[SourceTitle "EXT 2023"]
[Source "ChessBase"]
[SourceDate "2022.10.05"]
[SourceVersion "1"]
[SourceVersionDate "2022.10.05"]
[SourceQuality "1"]

1. d4 d5 2. c4 c6 3. Nf3 Nf6 4. e3 Bg4 5. Be2 e6 6. 0-0 Bd6 7. c5 Bc7 8. b4 a6 9. Nbd2 0-0 10. Bb2 Nbd7 11. h3 Bxf3 12. Nxf3 Qe7 13. a4 e5 14. dxe5 Nxe5 15. Nd4 Ne4 16. f4 Ng3 17. fxe5 Nxf1 18. Nf5 Qg5 19. Qxf1 g6 20. Nd6 Qxe3+ 21. Qf2 Qxf2+ 22. Kxf2 Bxd6 23. exd6 Rfe8 24. Bf6 Re4 25. Bf3 Re6 26. Bh4 h6 27. Rb1 g5 28. Bg3 f5 29. Kg1 Kf7 30. b5 axb5 31. axb5 Ree8 32. Bh5+ Kf8 33. bxc6 bxc6 34. Bxe8 Kxe8 35. Be5 Kd7 36. Rb7+ 1-0

[Event "BCF-ch Major op"]
[Site "Torquay"]
[Date "2013.07.30"]
[Round "2.56"]
[White "Dignam, Matthew"]
[Black "Fryer, David William"]
[Result "1-0"]
[WhiteElo "2110"]
[BlackElo "2003"]
[PlyCount "69"]
[EventDate "2013.07.29"]
[EventType "swiss"]
[EventRounds "11"]
[EventCountry "ENG"]
[SourceTitle "EXT 2023"]
[Source "ChessBase"]
[SourceDate "2022.10.05"]
[SourceVersion "1"]
[SourceVersionDate "2022.10.05"]
[SourceQuality "1"]

1. d4 d6 2. c4 Nf6 3. Nc3 Nbd7 4. e4 e5 5. Nf3 Be7 6. Be2 c6 7. 0-0 a6 8. a4 0-0 9. a5 Qc7 10. h3 Re8 11. Be3 exd4 12. Nxd4 Bf8 13. Qc2 Nc5 14. Bf3 g6 15. b4 Ncd7 16. Nb3 Ne5 17. Be2 Ned7 18. Bf4 Ne5 19. Bg3 Kh8 20. f4 Ned7 21. f5 Bg7 22. Rad1 Ne5 23. Qd2 Ng8 24. Na4 Bd7 25. Nb6 Rad8 26. Qxd6 Qxd6 27. Rxd6 Bc8 28. Rxd8 Rxd8 29. f6 Bxf6 30. Rxf6 Nxf6 31. Bxe5 Kg7 32. g4 g5 33. h4 h6 34. Nxc8 Rxc8 35. Nd4 1-0

[Event "BCF-chT2 0708 (4NCL)"]
[Site "Sunningdale"]
[Date "2007.09.16"]
[Round "2"]
[White "Dignam, Matthew"]
[Black "Compton, Alistair"]
[Result "1-0"]
[WhiteElo "2122"]
[BlackElo "2139"]
[PlyCount "65"]
[EventDate "2007.09.15"]
[EventType "team-tourn"]
[EventRounds "11"]
[EventCountry "ENG"]
[SourceTitle "CBM 120 Extra"]
[Source "ChessBase"]
[SourceDate "2007.11.01"]
[SourceVersion "1"]
[SourceVersionDate "2007.11.01"]
[SourceQuality "1"]
[WhiteTeam "Poisoned Pawns"]
[BlackTeam "Kings Head"]
[WhiteTeamCountry "ENG"]
[BlackTeamCountry "ENG"]

1. Nf3 e6 2. b3 c5 3. Bb2 Nc6 4. g4 d6 5. d4 cxd4 6. Nxd4 Nxd4 7. Qxd4 e5 8. Qd3 Bd7 9. Bg2 Bc6 10. Bxc6+ bxc6 11. Nd2 Nf6 12. 0-0-0 Qc7 13. g5 Nd5 14. Nc4 Rd8 15. Kb1 Be7 16. e3 Nb6 17. Rdg1 Nxc4 18. Qxc4 d5 19. Qg4 c5 20. f4 exf4 21. exf4 d4 22. f5 0-0 23. f6 Bd6 24. fxg7 Rfe8 25. h4 Qd7 26. Qg2 d3 27. g6 hxg6 28. h5 dxc2+ 29. Qxc2 Qf5 30. Qxf5 gxf5 31. h6 Kh7 32. g8Q+ Rxg8 33. Rg7+ 1-0

[Event "BCF-chT4 0607 (4NCL)"]
[Site "Sunningdale"]
[Date "2007.05.26"]
[Round "9.101"]
[White "Dignam, Matthew"]
[Black "Ludbrook, Matthew"]
[Result "1-0"]
[WhiteElo "2125"]
[BlackElo "2035"]
[PlyCount "55"]
[EventDate "2006.09.16"]
[EventType "team"]
[EventRounds "11"]
[EventCountry "ENG"]
[SourceTitle "EXT 2008"]
[Source "ChessBase"]
[SourceDate "2007.11.25"]
[SourceVersion "1"]
[SourceVersionDate "2007.11.25"]
[SourceQuality "1"]
[WhiteTeam "Poisoned Pawns II"]
[BlackTeam "Oxford III"]
[WhiteTeamCountry "ENG"]
[BlackTeamCountry "ENG"]

1. d4 Nf6 2. c4 c5 3. dxc5 Qa5+ 4. Nc3 Qxc5 5. e4 d6 6. Be3 Qa5 7. f3 Nc6 8. Qd2 Be6 9. g4 Nd7 10. h3 h5 11. f4 Nc5 12. f5 Nb3 13. axb3 Qxa1+ 14. Kf2 Bd7 15. g5 Qa5 16. Nf3 0-0-0 17. Be2 Kb8 18. b4 Nxb4 19. Nd5 Nc6 20. b4 Qa3 21. b5 Ne5 22. Qd4 Nxf3 23. Bxf3 e6 24. Ra1 Qc5 25. Qd3 exd5 26. Bxc5 dxc5 27. Qxd5 Be7 28. Qe5+ 1-0

[Event "BCF-chT2 0607 (4NCL)"]
[Site "Sunningdale"]
[Date "2007.03.04"]
[Round "8.6"]
[White "Dignam, Matthew"]
[Black "Edgell, Ben P"]
[Result "1/2-1/2"]
[WhiteElo "2132"]
[BlackElo "2043"]
[PlyCount "86"]
[EventDate "2006.09.16"]
[EventType "team"]
[EventRounds "11"]
[EventCountry "ENG"]
[SourceTitle "EXT 2008"]
[Source "ChessBase"]
[SourceDate "2007.11.25"]
[SourceVersion "1"]
[SourceVersionDate "2007.11.25"]
[SourceQuality "1"]
[WhiteTeam "Poisoned Pawns"]
[BlackTeam "Slough Sharks II"]
[WhiteTeamCountry "ENG"]
[BlackTeamCountry "ENG"]

1. d4 Nf6 2. c4 e6 3. Nc3 Bb4 4. Qc2 0-0 5. e4 d5 6. e5 Ne4 7. Bd3 c5 8. dxc5 Qa5 9. Bxe4 Bxc3+ 10. bxc3 dxe4 11. Be3 Nc6 12. Ne2 Nxe5 13. Qxe4 Nc6 14. 0-0 e5 15. f4 Bg4 16. Ng3 exf4 17. Qxf4 Be6 18. Ne4 Rad8 19. Qg3 Kh8 20. Rf4 f6 21. Rh4 Ne7 22. Nd6 Nf5 23. Nxf5 Bxf5 24. Bd4 Rf7 25. Rf1 Be6 26. Qd3 f5 27. Qh3 Kg8 28. Rxh7 Kf8 29. Rh8+ Ke7 30. Rxd8 Qxd8 31. Re1 Qd7 32. Be5 Qd2 33. Qh4+ g5 34. Qg3 Kd7 35. Bb8 f4 36. Qf2 Qxf2+ 37. Kxf2 Bxc4 38. Bxa7 Bxa2 39. Rd1+ Ke6 40. Rd6+ Kf5 41. Bb8 Be6 42. Rd2 Rf8 43. Bd6 Ra8 1/2-1/2

[Event "BCF-chT2 0607 (4NCL)"]
[Site "Sunningdale"]
[Date "2007.03.03"]
[Round "7.6"]
[White "Eckersley Waites, Tom"]
[Black "Dignam, Matthew"]
[Result "1-0"]
[WhiteElo "2159"]
[BlackElo "2132"]
[PlyCount "79"]
[EventDate "2006.09.16"]
[EventType "team"]
[EventRounds "11"]
[EventCountry "ENG"]
[SourceTitle "EXT 2008"]
[Source "ChessBase"]
[SourceDate "2007.11.25"]
[SourceVersion "1"]
[SourceVersionDate "2007.11.25"]
[SourceQuality "1"]
[WhiteTeam "Oxford"]
[BlackTeam "Poisoned Pawns"]
[WhiteTeamCountry "ENG"]
[BlackTeamCountry "ENG"]

1. e4 e6 2. d4 d5 3. Nc3 dxe4 4. Nxe4 Nd7 5. Nf3 Ngf6 6. Bd3 Nxe4 7. Bxe4 Nf6 8. Bd3 c5 9. Bg5 cxd4 10. Bxf6 gxf6 11. Nxd4 Qa5+ 12. c3 Qe5+ 13. Kf1 Bd7 14. Qf3 Be7 15. Re1 Qc7 16. Qh5 Qc5 17. Qf3 0-0-0 18. Be4 Qb6 19. b4 e5 20. Nf5 Bxf5 21. Bxf5+ Kb8 22. g3 Rd2 23. Kg2 Rhd8 24. a4 Qc6 25. Be4 Qd7 26. a5 a6 27. Bxh7 Qc7 28. Be4 Rc8 29. Bf5 Rcd8 30. Ra1 Qc6 31. Be4 Qc7 32. h4 Bf8 33. h5 Bh6 34. b5 Qc5 35. Rhd1 Rxd1 36. Rxd1 Rxd1 37. Qxd1 axb5 38. Qd8+ Ka7 39. Qd7 Ka6 40. Qd8 1-0

[Event "BCF-chT2 0607 (4NCL)"]
[Site "Sunningdale"]
[Date "2006.11.12"]
[Round "4.5"]
[White "Simons, Martin J"]
[Black "Dignam, Matthew"]
[Result "1-0"]
[WhiteElo "2238"]
[BlackElo "2150"]
[PlyCount "81"]
[EventDate "2006.09.16"]
[EventType "team"]
[EventRounds "11"]
[EventCountry "ENG"]
[SourceTitle "EXT 2008"]
[Source "ChessBase"]
[SourceDate "2007.11.25"]
[SourceVersion "1"]
[SourceVersionDate "2007.11.25"]
[SourceQuality "1"]
[WhiteTeam "Wessex"]
[BlackTeam "Poisoned Pawns"]
[WhiteTeamCountry "ENG"]
[BlackTeamCountry "ENG"]

1. e4 d6 2. Nc3 Nf6 3. f4 c6 4. Nf3 b5 5. a3 Bg4 6. Be2 Qb6 7. d4 e5 8. Be3 Nbd7 9. Qd2 exf4 10. Bxf4 Be7 11. h3 Bxf3 12. Bxf3 0-0 13. g4 Ne8 14. h4 b4 15. Na4 Qd8 16. axb4 Nc7 17. g5 Ne6 18. Be3 Nb6 19. Nxb6 axb6 20. Rxa8 Qxa8 21. d5 cxd5 22. exd5 Nc7 23. Bxb6 Qb7 24. Be3 Qb5 25. b3 Rb8 26. c3 f6 27. Qe2 Qd7 28. Bg4 f5 29. Bf3 Re8 30. 0-0 Bxg5 31. hxg5 f4 32. Bg4 Rxe3 33. Bxd7 Rxe2 34. Rxf4 Nxd5 35. Rd4 Nxc3 36. b5 Rb2 37. Rb4 Ne2+ 38. Kf1 Ng3+ 39. Ke1 Re2+ 40. Kd1 Re7 41. Bc6 1-0

[Event "BCF-ch 92nd"]
[Site "Douglas"]
[Date "2005.08.03"]
[Round "3"]
[White "Varnam, Liam"]
[Black "Dignam, Matthew"]
[Result "0-1"]
[WhiteElo "2088"]
[BlackElo "2194"]
[PlyCount "86"]
[EventDate "2005.08.01"]
[EventType "swiss"]
[EventRounds "11"]
[EventCountry "ENG"]
[SourceTitle "CBM 107 Extra"]
[Source "ChessBase"]
[SourceDate "2005.09.01"]
[SourceVersion "1"]
[SourceVersionDate "2005.09.01"]
[SourceQuality "1"]

1. e4 d6 2. d4 g6 3. Nf3 Bg7 4. Nc3 a6 5. a4 b6 6. Bc4 e6 7. 0-0 h6 8. Be3 Bb7 9. d5 e5 10. h3 Ne7 11. Nh2 g5 12. Qh5 Nd7 13. g3 Nf6 14. Qe2 Qd7 15. Ng4 Nh7 16. f3 f5 17. exf5 Nxf5 18. Kh2 0-0 19. Ne4 Kh8 20. c3 Rf7 21. Bg1 Nf8 22. Ne3 Nxe3 23. Bxe3 Ng6 24. Qd3 Bc8 25. g4 Nh4 26. Kg3 Qe7 27. Bb3 Qf8 28. Nxg5 hxg5 29. Bxg5 Bf5 30. Qe3 Ng6 31. gxf5 Rxf5 32. Bc2 Nf4 33. h4 Bh6 34. Bxf5 Qxf5 35. Rh1 Rg8 36. Qe4 Rxg5+ 37. Kf2 Rg2+ 38. Kf1 Qf6 39. b4 Qg7 40. Qf5 Rf2+ 41. Ke1 Re2+ 42. Kd1 Rd2+ 43. Kxd2 Qg2+ 0-1